000 00516nam a2200193Ia 4500
003 GCL
008 140319s9999 xx 000 0 eng d
040 _aGCL /
_cGCL
082 0 4 _a372.210.941
_bW T
100 1 _aWHITEBREAD, DAVID
245 1 0 _aTEACHING AND LEARNING IN THE EARLY YEARS /
_cWHITEBREAD, DAVID
260 _a[S.N] :
_bROUTLEDGE ،
_c1996
300 _a353 P
650 0 4 _aEARLY CHILDHOOD EDUCATION
650 0 4 _aLANGUAGE - ARTS
650 0 4 _aLEARNING
650 0 4 _aCURRICULUM
942 _2ddc
_cBK
999 _c12992
_d12992